000 00928nam a2200205 a 4500
001 000045250
005 20250116073944.0
008 150217s2004 dr a r 000 0 spa d
040 _aDO-SdBNP
_bspa
_cBNPHU
082 _axxxx
_bxxxx
100 1 _aMolina, Cristina
_937120
245 1 0 _aHacia una educación inicial integral :
_balternativas en búsqueda de mayor efectividad en la aplicación de la propuesta curricular del nivel inicial /
_cCristina Molina ; co-autoras Edicta Frías...[et al.].
260 _aSanto Domingo :
_bCentenario,
_cs. f.
300 _a96 p. :
_bil. ;
_c27 cm.
500 _aIncluye referencias bibliográficas y notas al pie de las páginas.
500 _aTítulo de la cubierta : Transformacion curricular ; nivel inicial
590 _aInventariado, 2018/BT
700 1 2 _aFrías, Edicta
_973277
710 1 2 _aRepública Dominicana.
_bSecretaría de Estado de Educación, Bellas Artes y Cultos
_923965
999 _c44739
_d44739